000 00980nam a22002297a 4500
001 7546
003 FISKH
005 20250723153821.0
008 250723b cb ||||| |||| 00| 0 eng d
020 _a9781407595641
040 _aFISKH
_beng
_cFISKH
_dFISKH
050 _aPZ7
082 _a591.4
100 _aAnonymous
245 _aAnimal survivors in awesome 3D /
260 _aUnited Kingdom :
_bParraagon Books,
_c2010.
300 _a30 unnumbered pages :
_bcolor illustrations ;
_c27 cm
520 _aThis book presents eye-catching 3D photographs of animals in their natural environments alongside fascinating facts about how they survive. It's designed to engage young readers, offering insights into animal adaptations like camouflage, heat resistance, nocturnal vision, and more. The 3D theme enhances the interactive experience—perfect for visual learners.
650 _aAnimals Survival
_vNonfiction
_x3D Book
942 _2ddc
_cBK
_n0
999 _c7546
_d7546